=LDR 00000nam 2200000 4500 =001 INLIS000000000022136 =005 20210111083456 =035 ##$$a 0010-061300000022136 =008 210111################g##########0#ind## =041 ##$$a Ind =082 ##$$a 332.75 =090 ##$$a 332.75, Wid t =100 ##$$a Widjaja, Gunawan =245 1#$$a Tanggung jawab direksi atas kepailitan perseroan /$c Gunawan Widjaja =260 ##$$a Jakarta :$b Raja Gramedia Persada,$c 2004 =300 ##$$a xvi, 316 hlm : $b ilus ; $c 21 x 13,5 cm. =650 #4$$a Bangkrut =850 ##$$a NBPNMAT =020 ##$$a 979-421-971-1 =084 ##$$a 332.75 WID t =250 ##$$a cet. 2 =520 ##$$a Seri Hukum Bisnis =990 ##$$a 30700793 =990 ##$$a 30700792 =990 ##$$a 30700794